Reversing Underachievement Among Gifted Black Students (Record no. 24672)

MARC details
000 -LEADER
fixed length control field 00699nam a22002177a 4500
003 - CONTROL NUMBER IDENTIFIER
control field OSt
005 - DATE AND TIME OF LATEST TRANSACTION
control field 20260618095456.0
008 - FIXED-LENGTH DATA ELEMENTS--GENERAL INFORMATION
fixed length control field 260618b |||||||| |||| 00| 0 eng d
020 ## - INTERNATIONAL STANDARD BOOK NUMBER
International Standard Book Number 9781593634872
040 ## - CATALOGING SOURCE
Transcribing agency Chuka University Library
050 ## - LIBRARY OF CONGRESS CALL NUMBER
Classification number LC 3993.9 .F6 2011
100 ## - MAIN ENTRY--PERSONAL NAME
Personal name Ford Donna Y.
9 (RLIN) 29959
245 ## - TITLE STATEMENT
Title Reversing Underachievement Among Gifted Black Students
250 ## - EDITION STATEMENT
Edition statement 2nd Ed.
260 ## - PUBLICATION, DISTRIBUTION, ETC.
Place of publication, distribution, etc. Waco,Texas
Name of publisher, distributor, etc. Prufrock Press Inc.
Date of publication, distribution, etc. 2011
300 ## - PHYSICAL DESCRIPTION
Extent xvii468pp
Other physical details Reference and Appendix
650 ## - SUBJECT ADDED ENTRY--TOPICAL TERM
Topical term or geographic name entry element Gifted Children Education United States
9 (RLIN) 29093
650 ## - SUBJECT ADDED ENTRY--TOPICAL TERM
Topical term or geographic name entry element African American Students
9 (RLIN) 29960
650 ## - SUBJECT ADDED ENTRY--TOPICAL TERM
Topical term or geographic name entry element Underachievers Education United States
9 (RLIN) 29961
942 ## - ADDED ENTRY ELEMENTS (KOHA)
Source of classification or shelving scheme Library of Congress Classification
Koha item type Long Loan Books
Suppress in OPAC No
Holdings
Withdrawn status Lost status Source of classification or shelving scheme Damaged status Not for loan Collection Home library Current library Shelving location Date acquired Source of acquisition Cost, normal purchase price Total Checkouts Full call number Barcode Date last seen Price effective from Koha item type
    Library of Congress Classification     General Collection Books Main Campus Library Main Campus Library General Stacks 17/06/2026 Donations from Books for Africa 844.95   LC 3993.9 .F6 2011 35211/2026 18/06/2026 18/06/2026 Long Loan Books

Powered by Koha